[Event "AUT-ch U14 Girls"]
[Site "St Veit"]
[Date "2023.06.10"]
[Round "5"]
[White "Turdiyeva, Maryam"]
[Black "Hadrigan, Victoria"]
[Result "1-0"]
[WhiteElo "1441"]
[BlackElo "993"]
[PlyCount "59"]
[EventDate "2023.06.08"]
[EventType "swiss"]
[EventRounds "7"]
[EventCountry "AUT"]
[SourceTitle "EXT 2024"]
[Source "ChessBase"]
[SourceDate "2023.10.10"]
[SourceVersion "1"]
[SourceVersionDate "2023.10.10"]
[SourceQuality "1"]

1. c4 e5 2. Nc3 Nf6 3. g3 Bb4 4. Bg2 0-0 5. a3 Bxc3 6. bxc3 Re8 7. d3 c6 8. Nf3 d5 9. cxd5 cxd5 10. 0-0 Nc6 11. Bb2 Be6 12. Ng5 Bd7 13. Qc2 h6 14. Nf3 Bf5 15. Qd1 Qe7 16. Nd2 e4 17. dxe4 dxe4 18. Nc4 b5 19. Nd6 Rad8 20. Nxf5 Qe5 21. Nd4 Nxd4 22. cxd4 Qh5 23. e3 Qf5 24. Rc1 Qd7 25. Rc5 a6 26. Qc2 Ra8 27. Rc7 Qd8 28. Rc1 Nd5 29. Rc5 f5 30. Qb3 1-0

[Event "EU-ch Hybrid U12 Girls"]
[Site "Tornelo INT"]
[Date "2021.10.15"]
[Round "4"]
[White "Briem, Gudrun Fanney"]
[Black "Turdiyeva, Maryam"]
[Result "0-1"]
[WhiteElo "1120"]
[BlackElo "1334"]
[PlyCount "150"]
[EventDate "2021.10.15"]
[EventType "swiss"]
[EventRounds "9"]
[EventCountry "NET"]
[SourceTitle "EXT 2023"]
[Source "ChessBase"]
[SourceDate "2022.10.05"]
[SourceVersion "1"]
[SourceVersionDate "2022.10.05"]
[SourceQuality "1"]
[WhiteTeam "Island"]
[BlackTeam "Austria"]
[WhiteTeamCountry "ISL"]
[BlackTeamCountry "AUT"]

1. d4 Nf6 2. Bf4 d5 3. e3 c5 4. c3 Nc6 5. Bd3 Qb6 6. Qb3 c4 7. Qxb6 axb6 8. Bc2 b5 9. Na3 b4 10. Nb5 Ra5 11. a4 bxa3 12. Nxa3 b5 13. Bc7 Ra6 14. Nf3 b4 15. cxb4 Nxb4 16. 0-0 e6 17. Bd1 Nd3 18. Bc2 Nxb2 19. Nb5 Be7 20. Rxa6 Bxa6 21. Rb1 Nd3 22. Bxd3 cxd3 23. Ra1 Bxb5 24. Ra8+ Kd7 25. Rxh8 Kxc7 26. Ra8 Kb7 27. Ra2 Ne4 28. Rb2 Ka6 29. Ra2+ Kb6 30. Rb2 g5 31. g4 f5 32. h3 fxg4 33. hxg4 Ka5 34. Ra2+ Ba4 35. Kf1 Bb4 36. Rb2 d2 37. Nxd2 Nxd2+ 38. Kg2 Kb5 39. Ra2 Bc3 40. f4 Kb4 41. f5 exf5 42. gxf5 Kb3 43. e4 Kxa2 44. f6 Bxd4 45. exd5 Bxf6 46. Kg3 Be5+ 47. Kg4 Bb3 48. Kxg5 Bxd5 49. Kh6 Be4 50. Kg5 Nf3+ 51. Kh6 Kb3 52. Kh5 Kc4 53. Kh6 Kd5 54. Kh5 Ke6 55. Kh6 Bf4+ 56. Kh5 h6 57. Kg4 Bg5 58. Kh5 Ng1 59. Kg4 Bf3+ 60. Kg3 h5 61. Kh2 Be3 62. Kg3 Bd1 63. Kg2 Kf5 64. Kg3 Kg5 65. Kh2 Nf3+ 66. Kg3 Be2 67. Kh3 Ng1+ 68. Kg2 h4 69. Kh1 Kg4 70. Kh2 Bb5 71. Kg2 Nf3 72. Kh1 Bc6 73. Kg2 h3+ 74. Kh1 Nd2+ 75. Kh2 Nf1# 0-1

[Event "AUT-ch U10 Girls Online Rapid"]
[Site "Playchess.com INT"]
[Date "2020.12.13"]
[Round "6"]
[White "Steinhofer, Emma"]
[Black "Turdiyeva, Maryam"]
[Result "0-1"]
[WhiteElo "1593"]
[BlackElo "1638"]
[PlyCount "90"]
[EventDate "2020.12.13"]
[EventType "swiss (rapid)"]
[EventRounds "7"]
[EventCountry "AUT"]
[SourceTitle "EXT 2022"]
[Source "ChessBase"]
[SourceDate "2021.10.06"]
[SourceVersion "1"]
[SourceVersionDate "2021.10.06"]
[SourceQuality "1"]

1. e4 c5 2. Nf3 Nc6 3. Nc3 g6 4. Bc4 Bg7 5. d3 Nf6 6. Be3 d6 7. d4 cxd4 8. Nxd4 Qa5 9. Bb3 Nxe4 10. Bd2 Nxd2 11. Qxd2 Nxd4 12. 0-0 Nxb3 13. axb3 Qd8 14. Rfe1 0-0 15. Ne4 Bxb2 16. Rab1 Bg7 17. Qe3 Bf5 18. Ng5 Bxc2 19. Qh3 h6 20. Rbc1 Bf5 21. Nxf7 Bxh3 22. Nxd8 Bc8 23. Nxb7 Bxb7 24. Rxe7 Bd5 25. Rcc7 Rf7 26. Red7 Rxd7 27. Rxd7 Rc8 28. h3 Be5 29. f3 Bg3 30. Kf1 Bxb3 31. Ke2 Rc2+ 32. Kd3 Ba4 33. Rd8+ Kf7 34. Rd7+ Bxd7 35. h4 Rc6 36. h5 a5 37. f4 gxh5 38. f5 a4 39. f6 a3 40. Kd4 a2 41. Kd5 a1Q 42. Ke4 Qe5+ 43. Kd3 Bf5+ 44. Kd2 Rc2+ 45. Kd1 Qe2# 0-1

[Event "AUT-ch U10 Girls Online Blitz"]
[Site "Playchess.com INT"]
[Date "2020.12.11"]
[Round "2"]
[White "Antenreiter, Jana"]
[Black "Turdiyeva, Maryam"]
[Result "0-1"]
[WhiteElo "1620"]
[BlackElo "1489"]
[PlyCount "64"]
[EventDate "2020.12.11"]
[EventType "swiss (blitz)"]
[EventRounds "7"]
[EventCountry "AUT"]
[SourceTitle "EXT 2022"]
[Source "ChessBase"]
[SourceDate "2021.10.06"]
[SourceVersion "1"]
[SourceVersionDate "2021.10.06"]
[SourceQuality "1"]

1. e4 c5 2. Nf3 Nc6 3. d4 cxd4 4. Nxd4 g6 5. Nc3 Bg7 6. Bf4 Nxd4 7. Bc4 Nf6 8. e5 Ng8 9. Qxd4 d6 10. 0-0 dxe5 11. Bxe5 Qxd4 12. Bxg7 Qxg7 13. Nd5 Bd7 14. Nc7+ Kd8 15. Nxa8 Kc8 16. Rad1 Nf6 17. h3 Kb8 18. Rfe1 e6 19. a3 Kxa8 20. b4 Kb8 21. a4 Kc7 22. c3 Kd8 23. b5 Ke7 24. a5 Re8 25. b6 axb6 26. axb6 Kf8 27. Ra1 Qh6 28. Ra7 Bc6 29. f3 Qd2 30. Rea1 Qxc3 31. R1a5 Qxc4 32. Ra8 Qd4+ 0-1

[Event "AUT-ch U10 Girls Online Blitz"]
[Site "Playchess.com INT"]
[Date "2020.12.11"]
[Round "4"]
[White "Huber, Elisa"]
[Black "Turdiyeva, Maryam"]
[Result "1/2-1/2"]
[WhiteElo "1620"]
[BlackElo "1603"]
[PlyCount "174"]
[EventDate "2020.12.11"]
[EventType "swiss (blitz)"]
[EventRounds "7"]
[EventCountry "AUT"]
[SourceTitle "EXT 2022"]
[Source "ChessBase"]
[SourceDate "2021.10.06"]
[SourceVersion "1"]
[SourceVersionDate "2021.10.06"]
[SourceQuality "1"]

1. d4 g6 2. Nc3 Bg7 3. e4 d6 4. Nf3 Nf6 5. Be3 0-0 6. Bd3 Bg4 7. h3 Bd7 8. Qd2 Nc6 9. 0-0-0 a5 10. Bh6 Rb8 11. h4 Bg4 12. Rdg1 Bxf3 13. gxf3 Nxd4 14. Qe3 Nxf3 15. Qxf3 Bxh6+ 16. Kb1 Qd7 17. h5 Bg7 18. hxg6 fxg6 19. Qh3 Qxh3 20. Rxh3 Nh5 21. Be2 Rxf2 22. Bxh5 gxh5 23. Rhg3 Rf7 24. Rh3 Kf8 25. Rxh5 h6 26. Rh4 Ke8 27. Rhg4 Bf8 28. Rg8 Kd7 29. R8g6 Rf6 30. R6g4 e5 31. Nd5 Rf3 32. a3 b5 33. Rg6 c6 34. Nf6+ Kc7 35. Nh7 Kb6 36. Nxf8 Rbxf8 37. Rxh6 Rf1+ 38. Rxf1 Rxf1+ 39. Ka2 Kc5 40. Rh4 b4 41. axb4+ Kxb4 42. c3+ Ka4 43. b3+ Kb5 44. c4+ Kb4 45. Rh6 Rf2+ 46. Kb1 Kxb3 47. Kc1 Rf1+ 48. Kd2 Rf2+ 49. Ke3 Rf4 50. Rxd6 Kxc4 51. Rxc6+ Kb5 52. Re6 a4 53. Rxe5+ Kb4 54. Re7 Rf6 55. Ra7 Rb6 56. Kf4 a3 57. e5 a2 58. Rxa2 Re6 59. Kf5 Re8 60. e6 Kc5 61. Kf6 Kd6 62. e7 Rxe7 63. Rd2+ Kc7 64. Rc2+ Kd6 65. Rd2+ Kc7 66. Kxe7 Kc6 67. Rc2+ Kb5 68. Kd6 Kb4 69. Kd5 Kb3 70. Rc6 Kb4 71. Rc5 Kb3 72. Kd4 Kb4 73. Rc4+ Kb5 74. Kd5 Kb6 75. Kd6 Kb5 76. Rc5+ Kb4 77. Kd5 Kb3 78. Kd4 Kb4 79. Rc4+ Kb5 80. Kd5 Kb6 81. Kd6 Kb5 82. Rc2 Kb4 83. Kd5 Kb3 84. Rc6 Kb4 85. Kd4 Kb5 86. Rc8 Kb6 87. Rc4 Kb5 1/2-1/2

[Event "AUT-ch U10 Girls Online Blitz"]
[Site "Playchess.com INT"]
[Date "2020.12.11"]
[Round "7"]
[White "Wiedner, Leticia"]
[Black "Turdiyeva, Maryam"]
[Result "0-1"]
[WhiteElo "1308"]
[BlackElo "1617"]
[PlyCount "42"]
[EventDate "2020.12.11"]
[EventType "swiss (blitz)"]
[EventRounds "7"]
[EventCountry "AUT"]
[SourceTitle "EXT 2022"]
[Source "ChessBase"]
[SourceDate "2021.10.06"]
[SourceVersion "1"]
[SourceVersionDate "2021.10.06"]
[SourceQuality "1"]

1. d4 g6 2. Nc3 Bg7 3. Nf3 Nf6 4. Bg5 d6 5. e3 Bg4 6. Be2 Nc6 7. 0-0 0-0 8. Qd3 Qd7 9. Rad1 Qf5 10. Qd2 Bxf3 11. Bxf3 Qxg5 12. d5 Ne5 13. Nb5 Nxf3+ 14. Kh1 Nxd2 15. Rfe1 Nde4 16. Rd4 Nxf2+ 17. Kg1 N6e4 18. Rd3 Nxd3 19. Rf1 Qxe3+ 20. Rf2 Qxf2+ 21. Kh1 Qf1# 0-1

[Event "Wch FIDE Online U10 Girls Europe qual"]
[Site "Tornelo INT"]
[Date "2020.12.09"]
[Round "6"]
[White "Turdiyeva, Maryam"]
[Black "Pritulina, Nadezhda"]
[Result "1-0"]
[WhiteElo "1325"]
[BlackElo "1230"]
[PlyCount "161"]
[EventDate "2020.12.07"]
[EventType "swiss (rapid)"]
[EventRounds "7"]
[EventCountry "ISS"]
[SourceTitle "EXT 2022"]
[Source "ChessBase"]
[SourceDate "2021.10.06"]
[SourceVersion "1"]
[SourceVersionDate "2021.10.06"]
[SourceQuality "1"]

1. e4 c5 2. Nf3 Nc6 3. d4 cxd4 4. Nxd4 d6 5. c4 Nf6 6. Nc3 g6 7. Be2 Bg7 8. Be3 0-0 9. 0-0 a6 10. Rc1 Qc7 11. Nd5 Nxd5 12. cxd5 Qd7 13. dxc6 bxc6 14. Nxc6 Bxb2 15. Rc2 Bf6 16. Nd4 e5 17. Nf3 Bb7 18. Bc5 Bxe4 19. Rc4 Bc6 20. Qxd6 Qxd6 21. Bxd6 Bb5 22. Bxf8 Bxc4 23. Bxc4 Rxf8 24. Bxa6 Ra8 25. Bc4 Ra4 26. Bb3 Ra3 27. Re1 Ra5 28. h3 h5 29. Rd1 Ra7 30. Rd5 Re7 31. a4 e4 32. Nd2 e3 33. fxe3 Rxe3 34. Kf2 Rc3 35. Ne4 Rxb3 36. Nxf6+ Kg7 37. Ne4 Rb4 38. Nc3 Rc4 39. Rd3 Rb4 40. a5 Rb8 41. a6 Ra8 42. Rd6 Ra7 43. Nb5 Ra8 44. a7 Kf8 45. Rb6 Kg7 46. Rb8 Rxa7 47. Nxa7 Kf6 48. Rb7 Ke6 49. Ke3 Kf6 50. Kf4 g5+ 51. Kf3 Kg6 52. g4 h4 53. Nc6 f6 54. Nd4 Kh6 55. Rb6 Kg7 56. Nf5+ Kg6 57. Nd4 Kg7 58. Nc2 Kg6 59. Nb4 Kg7 60. Nd5 Kg6 61. Rxf6+ Kg7 62. Ke4 Kh7 63. Kf5 Kg7 64. Kxg5 Kh7 65. Rf7+ Kh8 66. Ra7 Kg8 67. Kg6 Kf8 68. Kf6 Ke8 69. Ke6 Kf8 70. Rf7+ Ke8 71. Nf6+ Kd8 72. Nd5 Ke8 73. Rh7 Kf8 74. g5 Kg8 75. g6 Kf8 76. Ra7 Kg8 77. g7 Kh7 78. Kf6 Kg8 79. Ne7+ Kh7 80. g8Q+ Kh6 81. Qg6# 1-0

[Event "Wch FIDE Online U10 Girls Europe qual"]
[Site "Tornelo INT"]
[Date "2020.12.08"]
[Round "4"]
[White "Turdiyeva, Maryam"]
[Black "Caku, Kler"]
[Result "0-1"]
[WhiteElo "1325"]
[BlackElo "1199"]
[PlyCount "70"]
[EventDate "2020.12.07"]
[EventType "swiss (rapid)"]
[EventRounds "7"]
[EventCountry "ISS"]
[SourceTitle "EXT 2022"]
[Source "ChessBase"]
[SourceDate "2021.10.06"]
[SourceVersion "1"]
[SourceVersionDate "2021.10.06"]
[SourceQuality "1"]

1. e4 e5 2. Nf3 Nc6 3. d4 exd4 4. Nxd4 Nf6 5. Nxc6 bxc6 6. e5 Nd5 7. Be2 Be7 8. 0-0 0-0 9. c4 Nb6 10. Nd2 d5 11. Qc2 d4 12. b3 c5 13. Bb2 Bb7 14. Bd3 h6 15. Rfe1 Bg5 16. Ba3 Nd7 17. e6 fxe6 18. Rxe6 Rf6 19. Rae1 Qf8 20. Rxf6 Qxf6 21. Ne4 Qc6 22. f3 Be3+ 23. Kf1 a5 24. Bc1 Bxc1 25. Rxc1 Ne5 26. Re1 Nxd3 27. Qxd3 a4 28. Ng3 axb3 29. axb3 Ra3 30. Nf5 Qf6 31. Re8+ Kf7 32. Rb8 Bc6 33. Qc2 Ra1+ 34. Ke2 Qe6+ 35. Kf2 Qe1# 0-1

[Event "AUT-ch U10 Girls"]
[Site "St Kanzian"]
[Date "2019.06.21"]
[Round "3"]
[White "Turdiyeva, Maryam"]
[Black "Wiessner, Elisabeth"]
[Result "1-0"]
[WhiteElo "921"]
[BlackElo "918"]
[PlyCount "67"]
[EventDate "2019.06.21"]
[EventType "swiss"]
[EventRounds "7"]
[EventCountry "AUT"]
[SourceTitle "CBM 191 Extra"]
[Source "ChessBase"]
[SourceDate "2019.09.30"]
[SourceVersion "1"]
[SourceVersionDate "2019.09.30"]
[SourceQuality "1"]

1. e4 e5 2. Nf3 Nc6 3. d4 exd4 4. Nxd4 Qh4 5. Nc3 Bb4 6. Qd3 Nf6 7. Bd2 Bxc3 8. Bxc3 Qxe4+ 9. Qxe4+ Nxe4 10. Nxc6 dxc6 11. Bxg7 Rg8 12. Be5 Nd6 13. 0-0-0 Ke7 14. Bg3 Be6 15. Bh4+ Kd7 16. Be2 Rxg2 17. Bf3 Rgg8 18. Rde1 Rae8 19. b3 Bd5 20. Rxe8 Rxe8 21. Bxd5 cxd5 22. Rd1 c6 23. c4 dxc4 24. bxc4 Kc7 25. Bg3 Rd8 26. c5 Kc8 27. cxd6 b6 28. Bh4 Rd7 29. Bg3 a5 30. Re1 b5 31. Re8+ Kb7 32. Re7 Rxe7 33. dxe7 Kb6 34. e8Q 1-0